| 000 -LEADER |
| fixed length control field |
01266nam a22003137a 4500 |
| 008 - FIXED-LENGTH DATA ELEMENTS--GENERAL INFORMATION |
| fixed length control field |
250527b xxu||||| |||| 00| 0 eng d |
| 040 ## - CATALOGING SOURCE |
| Original cataloging agency |
Cagayan State University |
| Description conventions |
RDA |
| 082 ## - DEWEY DECIMAL CLASSIFICATION NUMBER |
| Classification number |
791.4372 |
| Item number |
J749 2024 |
| 245 ## - TITLE STATEMENT |
| Title |
Joker: Folie à Deux / directed by Todd Phillips ; written by Scott Silver, Todd Phillips ; produced by Todd Phillips, Emma Tillinger Koskoff, Joseph Garner. |
| 260 ## - PUBLICATION, DISTRIBUTION, ETC. (IMPRINT) |
| Place of publication, distribution, etc |
United States : |
| Name of publisher, distributor, etc |
Warner Bros. Pictures, |
| Date of publication, distribution, etc |
2024. |
| 300 ## - PHYSICAL DESCRIPTION |
| Extent |
1 videofile (ca. 138 mins.) : |
| Other physical details |
sound, color. |
| 520 ## - SUMMARY, ETC. |
| Summary, etc |
Struggling with his dual identity, failed comedian Arthur Fleck meets the love of his life, Harley Quinn, while incarcerated at Arkham State Hospital. |
| 521 ## - TARGET AUDIENCE NOTE |
| Target audience note |
Rated R for some strong violence, language throughout, some sexuality, and brief full nudity. |
| 546 ## - LANGUAGE NOTE |
| Language note |
English. |
| 650 ## - SUBJECT ADDED ENTRY--TOPICAL TERM |
| Topical term or geographic name as entry element |
Drama. |
| 650 ## - SUBJECT ADDED ENTRY--TOPICAL TERM |
| Topical term or geographic name as entry element |
Musical. |
| 650 ## - SUBJECT ADDED ENTRY--TOPICAL TERM |
| Topical term or geographic name as entry element |
Thriller. |
| 700 ## - ADDED ENTRY--PERSONAL NAME |
| Personal name |
Joaquin Phoenix, star. |
| 700 ## - ADDED ENTRY--PERSONAL NAME |
| Personal name |
Lady Gaga, star. |
| 700 ## - ADDED ENTRY--PERSONAL NAME |
| Personal name |
Brendan Gleeson, star. |
| 700 ## - ADDED ENTRY--PERSONAL NAME |
| Personal name |
Catherine Keener, star. |
| 700 ## - ADDED ENTRY--PERSONAL NAME |
| Personal name |
Zazie Beetz, star. |
| 700 ## - ADDED ENTRY--PERSONAL NAME |
| Personal name |
Steve Coogan, star. |
| 700 ## - ADDED ENTRY--PERSONAL NAME |
| Personal name |
Harry Lawtey, star. |
| 700 ## - ADDED ENTRY--PERSONAL NAME |
| Personal name |
Leigh Gill, star. |
| 700 ## - ADDED ENTRY--PERSONAL NAME |
| Personal name |
Lawrence Sher, cinematographer. |
| 700 ## - ADDED ENTRY--PERSONAL NAME |
| Personal name |
Jeff Groth, editor. |
| 942 ## - ADDED ENTRY ELEMENTS (KOHA) |
| Source of classification or shelving scheme |
|
| Item type |
Audio-Visual Materials |